[Event "BdF-Smaragd 06 email"]
[Site "GER email"]
[Date "2015.06.25"]
[Round "?"]
[White "Kuteneva, Galina Viktorovna"]
[Black "Williamson, Dawn L"]
[Result "1/2-1/2"]
[WhiteElo "2180"]
[BlackElo "2174"]
[PlyCount "78"]
[EventDate "2015.??.??"]
[EventType "tourn (corr)"]
[EventRounds "12"]
[EventCountry "GER"]
[SourceTitle "Corr 2017"]
[Source "ChessBase"]
[SourceDate "2017.09.19"]
[SourceVersion "1"]
[SourceVersionDate "2017.09.19"]
[SourceQuality "1"]

1. e4 e5 2. Nf3 Nc6 3. Bb5 a6 4. Ba4 Nf6 5. 0-0 Be7 6. Re1 b5 7. Bb3 d6 8. c3 0-0 9. h3 Na5 10. Bc2 c5 11. d4 exd4 12. cxd4 Re8 13. d5 Nd7 14. Nbd2 h6 15. b3 Bf6 16. Rb1 Nb7 17. Bd3 Nf8 18. Nf1 Ng6 19. Ng3 Bc3 20. Re3 Bd7 21. a3 b4 22. Bb2 Bxb2 23. Rxb2 Nf4 24. Bc4 Qf6 25. Ra2 h5 26. Ne2 Ng6 27. Qe1 Bb5 28. axb4 Bxc4 29. bxc4 cxb4 30. Qxb4 Nc5 31. Qb1 Rab8 32. Qc2 Ne5 33. Nxe5 Qxe5 34. h4 g6 35. g3 Qg7 36. Kg2 Rb7 37. Nc3 Qd4 38. Na4 Nxe4 39. Nc3 Rbe7 1/2-1/2

[Event "BdF-Smaragd 06 email"]
[Site "GER email"]
[Date "2015.06.25"]
[Round "?"]
[White "Piazza, Laura"]
[Black "Kuteneva, Galina Viktorovna"]
[Result "1/2-1/2"]
[WhiteElo "2213"]
[BlackElo "2180"]
[PlyCount "111"]
[EventDate "2015.??.??"]
[EventType "tourn (corr)"]
[EventRounds "12"]
[EventCountry "GER"]
[SourceTitle "Corr 2017"]
[Source "ChessBase"]
[SourceDate "2017.09.19"]
[SourceVersion "1"]
[SourceVersionDate "2017.09.19"]
[SourceQuality "1"]

1. e4 c5 2. Nf3 d6 3. d4 cxd4 4. Nxd4 Nf6 5. Nc3 a6 6. Bg5 Nbd7 7. Be2 e6 8. 0-0 Be7 9. Qd3 Qc7 10. Qg3 b5 11. b4 Bb7 12. a4 bxa4 13. b5 0-0 14. Bh6 Ne8 15. Rxa4 Nc5 16. Rb4 a5 17. b6 Qc8 18. Rb5 a4 19. Bd2 Nf6 20. f3 Nfd7 21. Rb4 Qd8 22. Rfb1 a3 23. Na2 Bf6 24. Qf2 h6 25. Bf1 Qe7 26. Be3 Be5 27. Nb5 Rfc8 28. Na7 Rd8 29. Nb5 g5 30. h3 Qf6 31. Bd4 Qf4 32. Bxe5 Qxe5 33. Rd1 d5 34. exd5 Bxd5 35. c4 Bc6 36. Rd2 Bb7 37. Nc7 Rab8 38. Nb5 Nxb6 39. Nxa3 Nba4 40. Nb5 Qf4 41. Rd4 Rxd4 42. Qxd4 Qxd4+ 43. Nxd4 Rd8 44. Nb3 Bc6 45. Nxc5 Nxc5 46. Rb6 Be8 47. Nb4 Rd2 48. Rb8 Kf8 49. Nc6 h5 50. Rc8 Nb3 51. Ra8 f6 52. Rb8 Nc5 53. Rc8 Na4 54. Na7 Rd7 55. Nb5 Ke7 56. c5 1/2-1/2

[Event "BdF-Smaragd 06 email"]
[Site "GER email"]
[Date "2015.06.25"]
[Round "?"]
[White "Pokrivac, Izidor"]
[Black "Kuteneva, Galina Viktorovna"]
[Result "1/2-1/2"]
[WhiteElo "2152"]
[BlackElo "2180"]
[PlyCount "89"]
[EventDate "2015.??.??"]
[EventType "tourn (corr)"]
[EventRounds "12"]
[EventCountry "GER"]
[SourceTitle "Corr 2017"]
[Source "ChessBase"]
[SourceDate "2017.09.19"]
[SourceVersion "1"]
[SourceVersionDate "2017.09.19"]
[SourceQuality "1"]

1. e4 c5 2. Nc3 Nc6 3. Nge2 e6 4. d4 cxd4 5. Nxd4 d6 6. Be3 Nf6 7. Qd2 Be7 8. f3 0-0 9. 0-0-0 a6 10. g4 Nxd4 11. Bxd4 b5 12. g5 Nd7 13. h4 b4 14. Na4 Qa5 15. b3 Nc5 16. Nxc5 dxc5 17. Bb2 Rd8 18. Qh2 Rxd1+ 19. Kxd1 Qd8+ 20. Kc1 a5 21. Bc4 Ba6 22. Rd1 Qf8 23. Bxa6 Rxa6 24. Be5 c4 25. bxc4 Rc6 26. Rd7 Rxc4 27. Qe2 Rc6 28. Kb1 Rc5 29. f4 Qe8 30. Ra7 Bf8 31. h5 a4 32. Qa6 Qd8 33. Qd3 Qe8 34. Rd7 Qa8 35. Bd6 Rc3 36. Qd4 Rh3 37. a3 Rh1+ 38. Kb2 bxa3+ 39. Kxa3 Rh3+ 40. Kb4 Rh1 41. Bxf8 Qxf8+ 42. Qd6 Rb1+ 43. Kc4 Rb8 44. Kc3 Qe8 45. Qe7 1/2-1/2